[Event "Macieja Memorial"]
[Site "Warsaw POL"]
[Date "2024.07.08"]
[Round "10.41"]
[White "Zurkowski, Andrzej"]
[Black "Haladaj, Adam"]
[Result "1-0"]
[WhiteElo "1993"]
[BlackElo "1773"]
[EventDate "2024.07.08"]
[PlyCount "71"]

1.d4 Nf6 2.c4 c5 3.d5 b5 4.cxb5 a6 5.f3 axb5 6.e4 d6 7.Bxb5+ Nbd7 8.Bd2 Ba6 
9.Bxa6 Rxa6 10.Ne2 g6 11.Bc3 Bg7 12.O-O O-O 13.Nd2 Nb6 14.a4 e6 15.a5 Nc8 
16.dxe6 fxe6 17.Nc4 d5 18.exd5 exd5 19.Qb3 Kh8 20.Qb5 Re6 21.Nf4 Ree8 22.Nb6 
Nxb6 23.axb6 d4 24.Bd2 Qd6 25.b7 Nd7 26.Ra6 Qc7 27.Rc6 Qd8 28.Rc8 Qe7 29.Rc7 
Rd8 30.Re1 Qd6 31.Ne6 Rfe8 32.Nxd8 Rxe1+ 33.Bxe1 Qxc7 34.Qxd7 Qxd7 35.b8=Q Bf6 
36.Ne6+ 1-0

[Event "Macieja Memorial"]
[Site "Warsaw POL"]
[Date "2024.07.08"]
[Round "10.42"]
[White "Kazmierowski, Tymon"]
[Black "Zajkowska, Olga"]
[Result "1-0"]
[WhiteElo "1982"]
[BlackElo "1797"]
[EventDate "2024.07.08"]
[PlyCount "85"]

1.e4 d6 2.d4 Nf6 3.Nc3 g6 4.f3 Bg7 5.Be3 c6 6.Qd2 b5 7.h4 Qa5 8.Nh3 Nh5 9.Bf2 
Bxh3 10.Rxh3 e5 11.g4 Nf4 12.Rh1 Nd7 13.d5 cxd5 14.Nxb5 Qxd2+ 15.Kxd2 Ke7 
16.Nc7 Rac8 17.Nxd5+ Nxd5 18.exd5 Rc7 19.Rc1 Rhc8 20.b3 Nc5 21.c4 e4 22.Bxc5 
Rxc5 23.fxe4 Be5 24.Kd3 a5 25.Be2 h6 26.Rc2 f6 27.a3 Rb8 28.Rb1 g5 29.h5 Rc7 
30.b4 Rcb7 31.b5 Rb6 32.a4 Rc8 33.Rbc1 Bf4 34.c5 dxc5 35.Rxc5 Rxc5 36.Rxc5 Be5 
37.Rc6 Rb7 38.Kc4 Kd7 39.b6 Bd6 40.Kb5 Bb4 41.Ka6 Rb8 42.b7 Bd6 43.Bb5 1-0

[Event "Macieja Memorial"]
[Site "Warsaw POL"]
[Date "2024.07.08"]
[Round "10.43"]
[White "Ptaszynski, Szymon"]
[Black "Zaninotto, Franco"]
[Result "1-0"]
[WhiteElo "1825"]
[BlackElo "1961"]
[EventDate "2024.07.08"]
[PlyCount "82"]

1.e4 e6 2.d4 d5 3.Bd3 c5 4.exd5 exd5 5.dxc5 Bxc5 6.Nf3 Nf6 7.O-O O-O 8.h3 h6 
9.Bf4 Nc6 10.Nbd2 Re8 11.Nb3 Bb6 12.c3 Be6 13.Qc2 Rc8 14.Qd2 Ne4 15.Bxe4 dxe4 
16.Nfd4 Nxd4 17.Nxd4 Bc4 18.Rfe1 Qf6 19.Be3 Bd3 20.Nb3 Bxe3 21.Qxe3 b6 22.Rad1 
Bc2 23.Rd4 Bxb3 24.axb3 Qc6 25.Rxe4 Rxe4 26.Qxe4 Qd7 27.Qe3 Rd8 28.Qe7 g6 
29.Qxd7 Rxd7 30.Re2 Rd1+ 31.Kh2 Kg7 32.Kg3 Kf6 33.b4 h5 34.f3 g5 35.h4 gxh4+ 
36.Kxh4 Rh1+ 37.Kg3 Rd1 38.Kf2 Rb1 39.Ke3 a5 40.bxa5 bxa5 41.Kd4 a4 1-0

[Event "Macieja Memorial"]
[Site "Warsaw POL"]
[Date "2024.07.08"]
[Round "10.44"]
[White "Obrycki, Tomasz"]
[Black "Lecki, Leonard"]
[Result "0-1"]
[WhiteElo "1795"]
[BlackElo "1941"]
[EventDate "2024.07.08"]
[PlyCount "76"]

1.e4 c5 2.Nf3 e6 3.g3 Nc6 4.Bg2 g6 5.O-O Bg7 6.d3 Nge7 7.Re1 O-O 8.Nc3 d6 9.Be3 
Nd4 10.Rb1 Nec6 11.Ne2 Rb8 12.c3 Nxf3+ 13.Bxf3 b5 14.d4 Qb6 15.dxc5 dxc5 16.b4 
Rd8 17.Qc2 Ne5 18.Bg2 Nd7 19.a4 a6 20.axb5 axb5 21.Red1 Ba6 22.Nc1 Qc7 23.bxc5 
Nxc5 24.Nb3 Nxb3 25.Rxd8+ Rxd8 26.Qxb3 Qxc3 27.Qxc3 Bxc3 28.Bf1 Rb8 29.Bc5 Be5 
30.Rb4 Bc7 31.Be2 Ba5 32.Rb3 Bd8 33.Kf1 Ra8 34.Bxb5 Rb8 35.Bxa6 Rxb3 36.Be2 Bb6 
37.Bd6 Bd4 38.Bf4 e5 0-1

[Event "Macieja Memorial"]
[Site "Warsaw POL"]
[Date "2024.07.08"]
[Round "10.45"]
[White "Lewandowski, Rafal"]
[Black "Szlod, Wiktor"]
[Result "0-1"]
[WhiteElo "1940"]
[BlackElo "1783"]
[EventDate "2024.07.08"]
[PlyCount "108"]

1.e4 c5 2.Nf3 Nc6 3.d4 cxd4 4.Nxd4 g6 5.c4 Bg7 6.Be3 Nf6 7.Nc3 O-O 8.f3 d6 
9.Qd2 a6 10.Be2 Rb8 11.O-O Bd7 12.Rab1 Nxd4 13.Bxd4 b5 14.Nd5 Nxd5 15.cxd5 a5 
16.Bxg7 Kxg7 17.h4 e6 18.h5 exd5 19.h6+ Kg8 20.Qd4 Qb6 21.Qxb6 Rxb6 22.exd5 b4 
23.Rbc1 b3 24.a3 Bf5 25.Rc6 Rxc6 26.dxc6 Rc8 27.Bb5 Rb8 28.c7 Rxb5 29.Re1 Kf8 
30.g4 Bc8 31.Re3 a4 32.Re4 Rc5 33.Rxa4 Rxc7 34.Rb4 Be6 35.a4 Rc1+ 36.Kf2 Rc2+ 
37.Kg3 Rxb2 38.Kf4 Ke7 39.Rb7+ Bd7 40.a5 Ra2 41.Rxb3 Ra4+ 42.Kg3 Rxa5 43.Re3+ 
Be6 44.Rc3 Rc5 45.Ra3 Rc7 46.Ra8 f5 47.Rh8 Kf6 48.Rf8+ Rf7 49.Rd8 fxg4 50.fxg4 
Ke7 51.Ra8 Rf3+ 52.Kh4 Kf6 53.g5+ Ke5 54.Ra5+ d5 0-1

[Event "Macieja Memorial"]
[Site "Warsaw POL"]
[Date "2024.07.08"]
[Round "10.46"]
[White "Staroszczyk, Mateusz"]
[Black "Stachniak, Stanislaw"]
[Result "0-1"]
[WhiteElo "1933"]
[BlackElo "1733"]
[EventDate "2024.07.08"]
[PlyCount "144"]

1.d4 Nf6 2.Bf4 e6 3.e3 Be7 4.Nf3 Nh5 5.Bg3 Nxg3 6.hxg3 c5 7.c3 b6 8.Bd3 h6 
9.Nbd2 Bb7 10.Qe2 Nc6 11.O-O-O d5 12.Kb1 c4 13.Bc2 f5 14.g4 Qd7 15.Ba4 O-O-O 
16.Ne5 Qe8 17.Ndxc4 dxc4 18.Qxc4 Rd6 19.gxf5 Kb8 20.fxe6 Bf6 21.Nf7 Qf8 22.Nxh8 
Qxh8 23.d5 Ne5 24.Qf4 Qd8 25.Qg3 Rxd5 26.Rxd5 Qxd5 27.e7 Bxe7 28.Bb3 Qd6 29.Rd1 
Qg6+ 30.Bc2 Qxg3 31.fxg3 Bf6 32.Bf5 Bxg2 33.e4 Bf3 34.Rd6 Bg4 35.Bxg4 Nxg4 
36.Kc2 Ne5 37.Rd1 h5 38.Rh1 g6 39.Kd2 Bg5+ 40.Ke2 Kc7 41.Rd1 h4 42.gxh4 Bxh4 
43.b3 g5 44.Rd5 Ng6 45.Kf3 Nf4 46.Rf5 Ne6 47.Kg4 Kd6 48.Rd5+ Ke7 49.e5 Nc7 
50.Rd6 Ne8 51.Rh6 Ng7 52.Rc6 Ne6 53.Kf5 Nd8 54.Rc7+ Ke8 55.e6 a5 56.e7 Nf7 
57.Ke6 Nd8+ 58.exd8=Q+ Kxd8 59.Rh7 Bg3 60.Kd5 Bf2 61.Rg7 Be3 62.Kd6 Bf4+ 63.Kc6 
Be3 64.a4 Ke8 65.b4 axb4 66.cxb4 Kf8 67.Rb7 g4 68.Kd5 g3 69.Rb8+ Kf7 70.Rb7+ 
Kf6 71.Rb8 g2 72.Rf8+ Kg7 0-1

[Event "Macieja Memorial"]
[Site "Warsaw POL"]
[Date "2024.07.08"]
[Round "10.47"]
[White "Sprzeczka, Emilia"]
[Black "Syrkiewicz, Michal"]
[Result "0-1"]
[WhiteElo "1782"]
[BlackElo "1930"]
[EventDate "2024.07.08"]
[PlyCount "98"]

1.e4 c5 2.c3 d5 3.exd5 Qxd5 4.Nf3 Nc6 5.d4 Bf5 6.Be3 Nf6 7.dxc5 Qxd1+ 8.Kxd1 
O-O-O+ 9.Nbd2 e5 10.b4 Nd5 11.Rc1 a6 12.a3 g6 13.c4 Nxe3+ 14.fxe3 Bh6 15.Rc3 e4 
16.Ne1 Ne5 17.b5 Ng4 18.Ke2 Bf8 19.h3 Nf6 20.Nb3 h5 21.Nc2 h4 22.Ncd4 Nh5 
23.Rg1 Bg7 24.Rc2 Ng3+ 25.Kf2 Rh5 26.Be2 Rg5 27.a4 Be5 28.Rd1 Nxe2 29.Rxe2 Bg3+ 
30.Kf1 Bh2 31.Rdd2 Bg3 32.Nxf5 Rxf5+ 33.Kg1 Rxd2 34.Rxd2 axb5 35.cxb5 Re5 
36.Rd4 f5 37.Rd6 g5 38.Rd2 f4 39.exf4 gxf4 40.Rc2 e3 41.Kf1 Rd5 42.Ke2 Bf2 
43.Na5 Rg5 44.Nc4 Rxg2 45.Nd6+ Kb8 46.Ne4 Bg3+ 47.Kd3 Rxc2 48.Kxc2 e2 49.Nxg3 
e1=Q 0-1

[Event "Macieja Memorial"]
[Site "Warsaw POL"]
[Date "2024.07.08"]
[Round "10.48"]
[White "Tsiapko, Andrii"]
[Black "Lewczuk, Jakub"]
[Result "1-0"]
[WhiteElo "1930"]
[BlackElo "1674"]
[EventDate "2024.07.08"]
[PlyCount "49"]

1.d4 d5 2.c4 c6 3.Nf3 Nf6 4.Nbd2 a6 5.g3 b5 6.c5 Bf5 7.Bg2 e6 8.Nh4 Bg6 9.Nxg6 
fxg6 10.O-O Be7 11.e4 dxe4 12.Nxe4 O-O 13.Ng5 Qd7 14.Bh3 Kh8 15.Bxe6 Qe8 16.Qb3 
Nd5 17.Bxd5 Bxg5 18.Bxg5 cxd5 19.Qxd5 Ra7 20.Rae1 Qc8 21.Be7 Re8 22.Bd6 Nd7 
23.Qf7 Rg8 24.d5 Qa8 25.Re7 1-0

[Event "Macieja Memorial"]
[Site "Warsaw POL"]
[Date "2024.07.08"]
[Round "10.49"]
[White "Barwinska, Ewa"]
[Black "Koralczyk, Aleksander"]
[Result "1-0"]
[WhiteElo "1927"]
[BlackElo "1718"]
[EventDate "2024.07.08"]
[PlyCount "93"]

1.e4 d6 2.d4 Nf6 3.Nc3 g6 4.f4 Bg7 5.Nf3 c6 6.Be2 Nbd7 7.O-O Qc7 8.e5 Nd5 9.Ne4 
O-O 10.c4 N5b6 11.a4 d5 12.Ned2 dxc4 13.Nxc4 Nxc4 14.Bxc4 Nb6 15.Bd3 Nd5 16.Qe2 
Bg4 17.Bd2 e6 18.b4 Rfd8 19.h3 Bxf3 20.Qxf3 Qb6 21.Qe4 Nxb4 22.Be3 Nxd3 23.Qxd3 
Rd5 24.Rab1 Qc7 25.Rfc1 Rad8 26.Qb3 b6 27.Qc3 c5 28.dxc5 bxc5 29.Bxc5 Rd3 
30.Qb4 Qd7 31.Bd6 h5 32.Rc7 Qe8 33.Rbc1 Bh6 34.Re7 Qf8 35.Rxe6 Qg7 36.Re7 R8xd6 
37.exd6 Rd4 38.Qb8+ Kh7 39.Qxa7 Rxf4 40.Rd1 Qc3 41.Rxf7+ Kg8 42.Rxf4 Bxf4 
43.Qa8+ Kg7 44.Qe4 Qc5+ 45.Kh1 Bxd6 46.Qd4+ Qxd4 47.Rxd4 1-0

[Event "Macieja Memorial"]
[Site "Warsaw POL"]
[Date "2024.07.08"]
[Round "10.50"]
[White "Wieckowski, Michal"]
[Black "Nocek, Dominik"]
[Result "1-0"]
[WhiteElo "1904"]
[BlackElo "1656"]
[EventDate "2024.07.08"]
[PlyCount "57"]

1.Nf3 Nf6 2.g3 g6 3.Bg2 Bg7 4.O-O O-O 5.c4 d6 6.Nc3 e5 7.d3 h6 8.Qc2 Nc6 9.a3 
a5 10.b3 Be6 11.Bb2 Nd7 12.Rad1 f5 13.e3 Kh7 14.d4 Bg8 15.d5 Ne7 16.e4 f4 17.b4 
g5 18.Rfe1 Ng6 19.Nb5 g4 20.Nd2 f3 21.Bf1 h5 22.c5 Rf6 23.cxd6 cxd6 24.Nc4 Bf8 
25.Nxa5 h4 26.Nxb7 Qe7 27.Bc1 hxg3 28.hxg3 Nf4 29.Bxf4 1-0

[Event "Macieja Memorial"]
[Site "Warsaw POL"]
[Date "2024.07.08"]
[Round "10.51"]
[White "Ishvi, Aggarwal"]
[Black "Kotowicz, Kamil"]
[Result "0-1"]
[WhiteElo "1775"]
[BlackElo "1892"]
[EventDate "2024.07.08"]
[PlyCount "53"]

1.d4 Nf6 2.Nf3 c5 3.d5 d6 4.c4 g6 5.g3 Bg7 6.Bg2 O-O 7.O-O Re8 8.Nc3 e6 9.e4 
exd5 10.exd5 Bg4 11.Bf4 h6 12.Qb3 Qd7 13.Rfe1 Rxe1+ 14.Rxe1 g5 15.Bc1 Na6 
16.Qb5 Qc7 17.Ne4 Nb4 18.Nxf6+ Bxf6 19.Re8+ Rxe8 20.Qxe8+ Kg7 21.h3 Bf5 22.h4 
g4 23.Qe3 Kf8 24.Qxh6+ Bg7 25.Qf4 gxf3 26.Bxf3 Bc8 27.h5 0-1

[Event "Macieja Memorial"]
[Site "Warsaw POL"]
[Date "2024.07.08"]
[Round "10.52"]
[White "Obukhava, Anastasiya"]
[Black "Pawlowski, Maciej"]
[Result "1-0"]
[WhiteElo "1770"]
[BlackElo "1872"]
[EventDate "2024.07.08"]
[PlyCount "65"]

1.b3 e6 2.Bb2 f5 3.Nf3 Nf6 4.c4 Be7 5.Nc3 d6 6.d4 O-O 7.g3 Qe8 8.Bg2 Nbd7 9.O-O 
Bd8 10.Qc2 Qh5 11.h3 e5 12.dxe5 dxe5 13.Rad1 Re8 14.Nd5 c6 15.Ne3 f4 16.g4 Qf7 
17.Nf5 Bc7 18.Ng5 Qf8 19.Qc1 g6 20.Ba3 c5 21.Nh4 Qh6 22.Ngf3 e4 23.g5 Qf8 
24.gxf6 exf3 25.Nxf3 Nxf6 26.Bb2 Nh5 27.Qc3 Ng7 28.Ng5 h6 29.Bd5+ Be6 30.Nxe6 
Nxe6 31.Qh8+ Kf7 32.Qh7+ Qg7 33.Bxg7 1-0

[Event "Macieja Memorial"]
[Site "Warsaw POL"]
[Date "2024.07.08"]
[Round "10.53"]
[White "Kuznik, Kamil"]
[Black "Pietrzak, Wojciech"]
[Result "0-1"]
[WhiteElo "1717"]
[BlackElo "1870"]
[EventDate "2024.07.08"]
[PlyCount "54"]

1.e4 Nc6 2.d4 e5 3.d5 Nce7 4.Nf3 Ng6 5.c4 Bc5 6.Be2 d6 7.O-O Nf6 8.Be3 Bb6 
9.Nc3 O-O 10.a3 Nf4 11.b4 Bg4 12.c5 dxc5 13.bxc5 Ba5 14.Bxf4 Bxc3 15.Rc1 exf4 
16.Rxc3 Nxe4 17.Rc4 Re8 18.Bd3 f5 19.Rd4 Qf6 20.Rb4 Nc3 21.Qc2 Bxf3 22.gxf3 
Nxd5 23.Rxb7 Qg6+ 24.Kh1 Qc6 25.Rb3 Rab8 26.Bxf5 Rxb3 27.Bxh7+ Kh8 0-1

[Event "Macieja Memorial"]
[Site "Warsaw POL"]
[Date "2024.07.08"]
[Round "10.54"]
[White "Khromov, Nazar"]
[Black "Zabawski, Grzegorz"]
[Result "0-1"]
[WhiteElo "1686"]
[BlackElo "1870"]
[EventDate "2024.07.08"]
[PlyCount "36"]

1.e4 Nf6 2.e5 Nd5 3.c4 Nb6 4.d4 d6 5.f4 Bf5 6.Nf3 e6 7.b3 dxe5 8.fxe5 Bb4+ 
9.Bd2 Bxd2+ 10.Qxd2 Nc6 11.Be2 Bg4 12.O-O Bxf3 13.Bxf3 Qxd4+ 14.Kh1 Qxa1 15.Qf2 
O-O 16.Bh5 Qxe5 17.Bxf7+ Kh8 18.Qh4 Nd8 0-1

[Event "Macieja Memorial"]
[Site "Warsaw POL"]
[Date "2024.07.08"]
[Round "10.55"]
[White "Wojtacha, Krzysztof"]
[Black "Michalska, Aleksandra"]
[Result "1-0"]
[WhiteElo "1656"]
[BlackElo "1857"]
[EventDate "2024.07.08"]
[PlyCount "73"]

1.e4 e5 2.Nf3 Nc6 3.Bb5 g6 4.O-O Bg7 5.c3 Nge7 6.d4 exd4 7.cxd4 d5 8.e5 Bg4 
9.Bg5 O-O 10.Bxc6 bxc6 11.h3 Be6 12.Nc3 h6 13.Bh4 g5 14.Bg3 Nf5 15.Na4 Rb8 
16.b3 Re8 17.Rc1 Bd7 18.Nc5 Rb5 19.Qc2 Bc8 20.Rfe1 Qe7 21.Nd3 Bd7 22.Nc5 Bc8 
23.Bh2 Qd8 24.g4 Ne7 25.e6 fxe6 26.Nxe6 Bxe6 27.Rxe6 c5 28.dxc5 Rf8 29.Qe2 Rb8 
30.Rxe7 Rxf3 31.Rxg7+ Kxg7 32.Qxf3 Qd7 33.Be5+ Kg8 34.Qf6 Re8 35.Qh8+ Kf7 
36.Qg7+ Ke6 37.Qf6# 1-0

[Event "Macieja Memorial"]
[Site "Warsaw POL"]
[Date "2024.07.08"]
[Round "10.56"]
[White "Zawadzka, Beata"]
[Black "Tarasionak, Arseni"]
[Result "0-1"]
[WhiteElo "2329"]
[BlackElo "1845"]
[EventDate "2024.07.08"]
[PlyCount "55"]

1.d4 d5 2.Bg5 b6 3.Nf3 Bb7 4.e3 g6 5.Bd3 Bg7 6.Nbd2 Nf6 7.O-O O-O 8.c3 c5 9.Qe2 
Ne4 10.Bf4 Nd7 11.h3 Re8 12.Rfd1 Nxd2 13.Qxd2 e5 14.dxe5 Nxe5 15.Bb5 Nxf3+ 
16.gxf3 Re6 17.Bf1 d4 18.e4 Qh4 19.Bg5 Qh5 20.Bg2 h6 21.Bf4 f5 22.Re1 Rae8 
23.Qd3 c4 24.Qxc4 Kh7 25.cxd4 fxe4 26.fxe4 Bxe4 27.d5 Bxd5 28.Qb4 0-1

[Event "Macieja Memorial"]
[Site "Warsaw POL"]
[Date "2024.07.08"]
[Round "11.1"]
[White "Piorun, Kacper"]
[Black "Klimkowski, Jan"]
[Result "1/2-1/2"]
[WhiteElo "2528"]
[BlackElo "2372"]
[EventDate "2024.07.08"]
[PlyCount "91"]

1.d4 Nf6 2.Bg5 e6 3.e4 h6 4.Bxf6 Qxf6 5.c3 d5 6.Bd3 c5 7.Nf3 Nc6 8.O-O cxd4 
9.cxd4 dxe4 10.Bxe4 Bd6 11.Nc3 O-O 12.Re1 Rd8 13.Bc2 Bb4 14.Qd3 g6 15.Rad1 Bxc3 
16.bxc3 b6 17.Qe3 Kg7 18.Be4 Bb7 19.c4 Na5 20.Bxb7 Nxb7 21.Ne5 Rac8 22.d5 h5 
23.Nc6 Re8 24.Qa3 exd5 25.cxd5 a5 26.Qb3 Rxe1+ 27.Rxe1 Nd8 28.Qxb6 Nxc6 29.dxc6 
Qc3 30.Rd1 Rxc6 31.Qb5 Rf6 32.Qe2 Re6 33.Qb5 Re1+ 34.Rxe1 Qxe1+ 35.Qf1 Qd2 
36.Qa1+ f6 37.h3 h4 38.Qb1 g5 39.Qb7+ Kh6 40.Qb1 Kg7 41.Qb7+ Kh6 42.Qb1 Qc3 
43.Kf1 Kg7 44.Qb7+ Kg6 45.Qe4+ Kf7 46.Qd5+ 1/2-1/2

[Event "Macieja Memorial"]
[Site "Warsaw POL"]
[Date "2024.07.08"]
[Round "11.2"]
[White "Kazakouski, Valery"]
[Black "Fridman, Daniel"]
[Result "0-1"]
[WhiteElo "2599"]
[BlackElo "2474"]
[EventDate "2024.07.08"]
[PlyCount "117"]

1.d4 d5 2.Bf4 Nf6 3.e3 c5 4.c3 Nc6 5.Nd2 Bf5 6.Qb3 Qc8 7.Ngf3 e6 8.Nh4 Bg6 
9.Nxg6 hxg6 10.Be2 Be7 11.O-O c4 12.Qc2 b5 13.e4 O-O 14.Bf3 Qd7 15.e5 Nh7 16.g3 
b4 17.h4 Rab8 18.h5 gxh5 19.Bxh5 Rb7 20.Kg2 Bg5 21.Bxg5 Nxg5 22.Rh1 bxc3 
23.bxc3 Rfb8 24.Rab1 Rxb1 25.Rxb1 Rxb1 26.Qxb1 Nh7 27.Bd1 Qc7 28.Ba4 Nf8 29.Qb5 
Ne7 30.Nf3 Nc8 31.Bc2 Qd7 32.Qb8 g6 33.Ng5 Kg7 34.f4 Qc6 35.Nf3 Nd7 36.Qb4 Qb6 
37.a3 Qxb4 38.axb4 Ndb6 39.Kf2 Ne7 40.g4 Nc6 41.Ke3 a5 42.bxa5 Nxa5 43.Nd2 Nc6 
44.f5 gxf5 45.gxf5 Na7 46.f6+ Kf8 47.Nf3 Nb5 48.Kd2 Kg8 49.Ng5 Na3 50.Bh7+ Kf8 
51.Kc1 Na4 52.Kd2 Nb6 53.Nf3 Na4 54.Ne1 Nb5 55.Nf3 Naxc3 56.Bc2 Ne4+ 57.Ke3 Ng3 
58.Kf2 Ne4+ 59.Ke3 0-1

[Event "Macieja Memorial"]
[Site "Warsaw POL"]
[Date "2024.07.08"]
[Round "11.3"]
[White "Kacprzak, Karol"]
[Black "Pakleza, Zbigniew"]
[Result "0-1"]
[WhiteElo "2308"]
[BlackElo "2405"]
[EventDate "2024.07.08"]
[PlyCount "81"]

1.e4 e5 2.Nf3 d6 3.d4 exd4 4.Nxd4 Nf6 5.Nc3 Be7 6.Bc4 O-O 7.O-O Re8 8.Re1 c6 
9.Bb3 Na6 10.Bf4 Nc5 11.h3 a5 12.a4 Bf8 13.Qf3 Nxb3 14.Nxb3 Nd7 15.Rad1 Ne5 
16.Qe2 Qf6 17.Bg3 g5 18.Nd4 Ng6 19.Qf3 Nf4 20.Nce2 Nxe2+ 21.Rxe2 Qxf3 22.Nxf3 
d5 23.Nxg5 f6 24.Nf3 dxe4 25.Nd2 Bf5 26.Rde1 e3 27.Rxe3 Rxe3 28.Rxe3 Bxc2 29.b3 
b5 30.Rc3 Bd1 31.Rxc6 bxa4 32.bxa4 Bxa4 33.Rxf6 Bb4 34.Nc4 Bb3 35.Nxa5 Bxa5 
36.Rf3 Bd5 37.Rd3 Rd8 38.Kh2 Rd7 39.Rd4 Bb6 40.Rd3 Kf7 41.Rd1 0-1

[Event "Macieja Memorial"]
[Site "Warsaw POL"]
[Date "2024.07.08"]
[Round "11.4"]
[White "Nasuta, Grzegorz"]
[Black "Sengupta, Deep"]
[Result "1-0"]
[WhiteElo "2420"]
[BlackElo "2350"]
[EventDate "2024.07.08"]
[PlyCount "87"]

1.e4 e6 2.d4 d5 3.e5 c5 4.c3 Nc6 5.Nf3 Bd7 6.Be2 f6 7.O-O fxe5 8.Nxe5 Nxe5 
9.dxe5 Qc7 10.c4 Qxe5 11.Bf3 O-O-O 12.Re1 Qc7 13.cxd5 exd5 14.Qxd5 Nf6 15.Qc4 
Bd6 16.g3 Rhe8 17.Be3 Be6 18.Qa4 Bd5 19.Bxd5 Nxd5 20.Nc3 Nxe3 21.Rxe3 Rxe3 
22.fxe3 a6 23.Rd1 Be5 24.Nd5 Qd6 25.Qg4+ Kb8 26.Nc3 Qc7 27.Nd5 Qa5 28.b3 Qxa2 
29.Qe6 Bf6 30.Rf1 Qxb3 31.e4 Bd4+ 32.Kg2 Ka7 33.Rf7 Qb2+ 34.Kh3 Qb5 35.Qe7 Rc8 
36.Nf4 Qf1+ 37.Kg4 Qb5 38.Kh3 a5 39.Ne6 a4 40.Nd8 Rb8 41.Qc7 Ka8 42.Ne6 Be3 
43.Qd6 a3 44.Nc7+ 1-0

[Event "Macieja Memorial"]
[Site "Warsaw POL"]
[Date "2024.07.08"]
[Round "11.5"]
[White "Peng, Li Min"]
[Black "Socko, Bartosz"]
[Result "1-0"]
[WhiteElo "2425"]
[BlackElo "2552"]
[EventDate "2024.07.08"]
[PlyCount "121"]

1.e4 e6 2.d4 d5 3.exd5 exd5 4.Nf3 Bd6 5.c4 Nf6 6.c5 Be7 7.Bd3 b6 8.cxb6 axb6 
9.O-O O-O 10.Nc3 Ba6 11.Bxa6 Rxa6 12.Bf4 Bd6 13.Bg5 c6 14.Ne5 h6 15.Bh4 Be7 
16.Re1 Re8 17.Qf3 b5 18.a3 Nbd7 19.Rad1 Nxe5 20.Rxe5 Nd7 21.Rxe7 Rxe7 22.Bxe7 
Qxe7 23.Na2 Ra8 24.Nb4 Re8 25.h3 Nb8 26.Rc1 Qd6 27.Qc3 Re4 28.Re1 Qe6 29.Rxe4 
Qxe4 30.b3 Qe6 31.a4 bxa4 32.bxa4 Qe2 33.a5 Qd1+ 34.Kh2 Qa4 35.Qc5 f6 36.Qb6 
Nd7 37.Qxc6 Qxb4 38.Qxd5+ Kf8 39.Qxd7 Qxa5 40.d5 Qc5 41.Qd8+ Kf7 42.Qd7+ Kf8 
43.Qf5 Qd6+ 44.g3 Kf7 45.Kg2 g6 46.Qe4 h5 47.h4 f5 48.Qc4 Kf6 49.Kf3 Ke5 
50.Qc3+ Kxd5 51.Qd3+ Ke6 52.Qxd6+ Kxd6 53.Kf4 Ke6 54.Kg5 Kf7 55.Kh6 Kf6 56.f4 
Kf7 57.Kh7 Kf6 58.Kg8 Ke6 59.Kg7 Kd5 60.Kxg6 Ke4 61.Kxh5 1-0

[Event "Macieja Memorial"]
[Site "Warsaw POL"]
[Date "2024.07.08"]
[Round "11.6"]
[White "Malek, Jan"]
[Black "Kosakowski, Jakub"]
[Result "0-1"]
[WhiteElo "2344"]
[BlackElo "2494"]
[EventDate "2024.07.08"]
[PlyCount "86"]

1.c4 e5 2.Nc3 Bb4 3.g3 Bxc3 4.dxc3 d6 5.Bg2 Nf6 6.e4 a5 7.a4 Na6 8.Qc2 Nc5 
9.Be3 b6 10.Nf3 Bb7 11.Nd2 Ng4 12.Bxc5 dxc5 13.h3 Nf6 14.Nf1 Qd7 15.Ne3 O-O 
16.O-O Rfd8 17.Rad1 Qe6 18.b3 Ne8 19.Rxd8 Rxd8 20.Rd1 Rxd1+ 21.Qxd1 Nd6 22.Qd3 
g6 23.h4 Kg7 24.Bf3 Qe8 25.Bg2 Qa8 26.f3 Qc8 27.Ng4 f6 28.Qd2 Nf7 29.Bh3 Qe8 
30.Ne3 Bc6 31.Kf2 h5 32.Qd3 Nd6 33.Qd2 Bxe4 34.Qe2 Bc6 35.g4 hxg4 36.Nxg4 Qh8 
37.Kg3 Nf5+ 38.Kh2 Qxh4 39.Qg2 Qg5 40.Qf2 Qf4+ 41.Kg1 Qxf3 42.Qh2 Qd1+ 43.Bf1 
Qxg4+ 0-1

[Event "Macieja Memorial"]
[Site "Warsaw POL"]
[Date "2024.07.08"]
[Round "11.7"]
[White "Janeczko, Jakub"]
[Black "Markowski, Tomasz"]
[Result "1-0"]
[WhiteElo "2084"]
[BlackElo "2493"]
[EventDate "2024.07.08"]
[PlyCount "183"]

1.e4 c5 2.d3 Nc6 3.g3 g6 4.Bg2 Bg7 5.f4 d6 6.Nf3 e5 7.O-O Nge7 8.f5 gxf5 9.Nh4 
f4 10.Qh5 O-O 11.gxf4 Ng6 12.Nf5 Bxf5 13.exf5 Nxf4 14.Bxf4 exf4 15.c3 d5 16.Nd2 
Qd6 17.Qg4 Rad8 18.Rxf4 Ne5 19.Qg3 Qf6 20.d4 cxd4 21.cxd4 Nc6 22.Nf3 Kh8 23.Re1 
Rg8 24.Rg4 Bh6 25.Qh4 Qxh4 26.Rxh4 Bg5 27.Rh5 Bf6 28.Ne5 Rg7 29.Kf2 Nxd4 30.Nf3 
Nxf3 31.Bxf3 Rgg8 32.Rd1 Bxb2 33.Rxd5 Bd4+ 34.Ke2 Rge8+ 35.Kd2 b6 36.Rxd8 Rxd8 
37.Ke2 Bf6 38.Be4 Kg7 39.Rh3 h6 40.Rg3+ Kf8 41.Rd3 Re8 42.Kf3 Re7 43.Rd8+ Kg7 
44.Rc8 Rd7 45.Ra8 Be5 46.a4 Kf6 47.Rh8 Kg7 48.Ra8 Bd4 49.Rb8 Bf6 50.Rb7 Rd2 
51.Rxa7 Bd4 52.Bd5 Kf6 53.Rxf7+ Ke5 54.Be6 h5 55.Rh7 Rf2+ 56.Kg3 Ra2 57.Bd7 
Ra3+ 58.Kh4 Bf2+ 59.Kxh5 Rh3+ 60.Kg6 Rxh7 61.Kxh7 Kf6 62.Kg8 Bg1 63.h3 Bf2 
64.Kf8 Bc5+ 65.Ke8 Bf2 66.Be6 Bc5 67.Kd7 Bf2 68.Kc6 Kg5 69.Kd6 Kf6 70.Kc7 Kg5 
71.Kd7 Kf6 72.Kc6 Kg5 73.Kd5 Kf6 74.Ke4 Be1 75.Kf4 Bd2+ 76.Kg4 Be1 77.h4 Bf2 
78.h5 Be3 79.Bd7 Bd2 80.Be8 Bc1 81.Bg6 Bd2 82.Kf3 Bc1 83.Ke4 Bd2 84.Kd5 Be3 
85.Kc6 Kg7 86.Kd6 Kf6 87.Kd5 Bc1 88.Kc6 Be3 89.h6 Bd4 90.Kd7 Be3 91.h7 Kg7 
92.f6+ 1-0

[Event "Macieja Memorial"]
[Site "Warsaw POL"]
[Date "2024.07.08"]
[Round "11.8"]
[White "Bogdanov, Egor"]
[Black "Bartel, Michal"]
[Result "0-1"]
[WhiteElo "2349"]
[BlackElo "2250"]
[EventDate "2024.07.08"]
[PlyCount "70"]

1.e4 e5 2.d4 exd4 3.Nf3 Nc6 4.c3 d3 5.Bxd3 d6 6.Nd4 Nf6 7.O-O Be7 8.f4 O-O 
9.Kh1 Re8 10.Be3 Bf8 11.Nd2 Bd7 12.Qf3 a6 13.Rae1 Rb8 14.h3 b5 15.g4 Nxd4 
16.cxd4 Bc6 17.d5 Bb7 18.Rc1 Rc8 19.g5 Nd7 20.Nb3 c5 21.dxc6 Rxc6 22.Rxc6 Bxc6 
23.Nd4 Bb7 24.b4 Qa8 25.Kg1 Bxe4 26.Bxe4 Qxe4 27.Qxe4 Rxe4 28.Kf2 d5 29.a3 Nb6 
30.Rd1 Nc4 31.Bc1 Re8 32.Nc2 Rd8 33.Kf3 g6 34.Ne3 d4 35.Ng4 Bg7 0-1

[Event "Macieja Memorial"]
[Site "Warsaw POL"]
[Date "2024.07.08"]
[Round "11.9"]
[White "Seemann, Jakub"]
[Black "Kokoszczynski, Jan"]
[Result "1-0"]
[WhiteElo "2358"]
[BlackElo "2243"]
[EventDate "2024.07.08"]
[PlyCount "151"]

1.c4 Nf6 2.Nc3 e6 3.e4 d5 4.e5 d4 5.exf6 dxc3 6.bxc3 Qxf6 7.f4 c5 8.Nf3 Nc6 
9.g3 e5 10.fxe5 Nxe5 11.Nxe5 Qxe5+ 12.Qe2 Qxe2+ 13.Bxe2 Be6 14.d3 O-O-O 15.Bf4 
Bd6 16.Rf1 Bxf4 17.Rxf4 Rhe8 18.Kd2 f6 19.Re1 Kc7 20.Bh5 Re7 21.Rfe4 Kd6 22.d4 
Rdd7 23.Kc1 b6 24.Rd1 Bf5 25.dxc5+ Kxc5 26.Rxe7 Rxe7 27.Rd5+ Kxc4 28.Rxf5 Kxc3 
29.Rf3+ Kd4 30.Rf2 g6 31.Bd1 f5 32.Kd2 b5 33.Rf4+ Kc5 34.Bb3 a5 35.a4 Rd7+ 
36.Kc3 b4+ 37.Kc2 h6 38.Rc4+ Kb6 39.g4 fxg4 40.Rxg4 g5 41.h4 gxh4 42.Rxh4 Rd6 
43.Rh5 Rf6 44.Bc4 Rf2+ 45.Kd3 Rf3+ 46.Ke4 Ra3 47.Rb5+ Kc6 48.Rxa5 b3 49.Rb5 
Rxa4 50.Kd3 Ra3 51.Rb8 b2+ 52.Kc2 Kc5 53.Bb3 Ra7 54.Kxb2 Rg7 55.Rh8 h5 56.Rxh5+ 
Kd6 57.Kc3 Rg4 58.Bc4 Kc6 59.Rf5 Rg1 60.Kd4 Rd1+ 61.Bd3 Kd6 62.Rf6+ Kd7 63.Rh6 
Rd2 64.Ke4 Kc7 65.Bc4 Rd1 66.Bd5 Kd7 67.Ke5 Re1+ 68.Be4 Rd1 69.Rh7+ Kc8 70.Bd5 
Kb8 71.Kd6 Rc1 72.Rb7+ Kc8 73.Rb2 Rc3 74.Be6+ Kd8 75.Rb8+ Rc8 76.Rxc8# 1-0

[Event "Macieja Memorial"]
[Site "Warsaw POL"]
[Date "2024.07.08"]
[Round "11.10"]
[White "Rekuc, Patryk"]
[Black "Zatonskih, Anna"]
[Result "0-1"]
[WhiteElo "2131"]
[BlackElo "2324"]
[EventDate "2024.07.08"]
[PlyCount "78"]

1.d4 d5 2.Nf3 e6 3.c4 Nf6 4.e3 a6 5.b3 Bb4+ 6.Nbd2 c5 7.dxc5 O-O 8.Be2 dxc4 
9.Bxc4 Bxc5 10.O-O b5 11.Be2 Bb7 12.Bb2 Nbd7 13.Rc1 Rc8 14.Bd3 Qe7 15.Qe2 Ba3 
16.Bxa3 Qxa3 17.Rxc8 Rxc8 18.Nb1 Qc5 19.h3 Ne5 20.Nxe5 Qxe5 21.Nd2 Rd8 22.Nb1 
Qd5 23.Bxh7+ Nxh7 24.f3 Nf6 25.Rc1 Qe5 26.Qf2 Nd5 27.e4 Nf4 28.Qe3 Qg5 29.Kf1 
Qxg2+ 30.Ke1 Nd3+ 31.Kd1 Nxc1+ 32.Kxc1 Rc8+ 33.Nc3 Qxa2 34.Kd1 Qxb3+ 35.Ke2 
Qxc3 36.Qa7 Qc7 37.Kf1 Qc1+ 38.Kg2 Rc2+ 39.Kg3 Qg5# 0-1

[Event "Macieja Memorial"]
[Site "Warsaw POL"]
[Date "2024.07.08"]
[Round "11.11"]
[White "Krzywda, Andrzej"]
[Black "Kacprzak, Kacper"]
[Result "0-1"]
[WhiteElo "2123"]
[BlackElo "2297"]
[EventDate "2024.07.08"]
[PlyCount "66"]

1.e4 c5 2.Nf3 d6 3.d4 cxd4 4.Nxd4 Nf6 5.Nc3 a6 6.Be3 e6 7.a3 h5 8.Be2 b5 9.f3 
Bb7 10.Qd2 Nbd7 11.a4 b4 12.Na2 d5 13.O-O dxe4 14.Nxb4 Qc7 15.f4 Be7 16.c4 Nc5 
17.Qc3 Ng4 18.Bxg4 hxg4 19.b3 Bf6 20.Rab1 Rd8 21.Nbc2 Nd3 22.b4 e5 23.Nf5 Bc8 
24.Qd2 Bxf5 25.g3 exf4 26.Bf2 e3 27.Bxe3 fxe3 28.Qxe3+ Be6 29.Rbd1 Qxc4 30.Na3 
Qd4 31.Rxd3 Qxd3 32.Qf4 Bd4+ 33.Kh1 Bd5+ 0-1